- Primero Rivas, Luis Eduardo
Entry Nombre Personal
001 - NUMERO DE CONTROL
- campo de control: 29880
003 - IDENTIFICADOR DE NUMERO DE CONTROL
- campo de control: DLC
005 - FECHA Y HORA DE LA ÜLTIMA TRANSACCIÓN
- campo de control: 20220428105411.0
008 - DATOS DE LONGITUD FIJA
- campo de control de longitud fija: 000713n| acannaabn |a aaa c
010 ## - NÚMERO DE CONTROL DE LA BIBLIOTECA DEL CONGRESO
- Número de control LC: nr 00022748
040 ## - FUENTE DE CATALOGACIÓN
- Agencia original de catalogación: NNU
- Lenguaje de catalogación: spa
- Agencia de transcripción: NNU
- Agencia que lo modifica: MX-MxUPN
100 1# - ENCABEZAMIENTO - NOMBRE PERSONAL
- Nombre personal: Primero Rivas, Luis Eduardo
371 ## - DIRECCIÓN
- Address: Carretera al Ajusco No. 24 Col. Héroes de Padierna, Tlalpan
- City: Ciudad de México
- Country: México
- Postal code: 14200
- Electronic mail address: lprimero@upn.mx
372 ## - CAMPO DE ACTIVIDAD
- Field of activity: Pedagogía
- Field of activity: Educación
372 ## - CAMPO DE ACTIVIDAD
- Field of activity: Epistemología
- Field of activity: Practicas educativas
- Field of activity: Investigación
- Field of activity: Docencia
373 ## - GRUPO ASOCIADO
- Associated group: Universidad Pedagógica Nacional (México)
373 ## - GRUPO ASOCIADO
- Associated group: Sistema Nacional de Investigadores (México)
373 ## - GRUPO ASOCIADO
- Associated group: Asociación Filosófica de México
374 ## - OCUPACIÓN
- Occupation: Profesor universitario
- Occupation: Investigador
375 ## - GÉNERO
- Gender: masculino
377 ## - LENGUA ASOCIADA
- Language code: spa
400 1# - VEÁSE - NOMBRE DE PERSONA
- Personal name: Rivas, Luis Eduardo Primero
670 ## - FUENTE EN LA QUE SE LOCALIZARON DATOS
- Cita de la fuente: Cuál Agnes Heller?, 2000:
- Información localizada: portada (Luis Eduardo Primero Rivas)
670 ## - FUENTE EN LA QUE SE LOCALIZARON DATOS
- Cita de la fuente: En documento en línea, consultado Abril 28, 2022:
- Información localizada: (Dr. Luis Eduardo Primero Rivas. Profesor TC UPN Ajusco, Cubículo, 272. 56309700 ext. 1263. Correo institucional: lprimero@upn.mx; Programas educativos UPN en los que participa. Licenciatura en pedagogía. Maestría en Desarrollo Educativo. Doctorado en Educación. Formación académica. Doctor en Filosofía por la UNAM. Distinciones. Investigador Nacional Nivel 1 Profesor PROMEP. Líneas de investigación. Epistemología y prácticas educativas. Miembro de: Miembro ordinario de la Asociación Filosófica de México A. C.)
- Uniform Resource Identifier: Dr. Luis Eduardo Primero Rivas. - UPNhttps://upn.mx file:///C:/Users/Noem%C3%AD/Downloads/Dr.%20Luis%20Eduardo%20Primero%20%20(2).pdf
902 ## - CATALOGADOR
- Catalogador: NDAF/220428
